000 00668nam a2200205 i 4500
001 59095
003 ES-MaACL
005 20230906163949.0
007 t|
008 031027s1966 gw ||||1| ger d
100 1 _aEichendorff, Joseph von.
_946804
245 1 0 _aEichendorff heute
_b: Stimmen der Forschung mit einer Bibliographie /
_cJoseph von Eichendorff ; herausgegeben von Paul Stöcklein.
250 _a2ª erg. aufl.
260 _aDarmstadt :
_bWissenschaftliche Buchgesellschaft,
_c1966.
300 _a330 p. ;
_c21 cm.
500 _aIndice.
504 _aBibliografía.
700 1 _aStöcklein, Paul.
_9108253
852 _aES-MaACL
_jL-11490
_bR.113423
999 _c59095
_d59095